| 000 | 00349nam a2200145Ia 4500 | ||
|---|---|---|---|
| 005 | 20250406071132.0 | ||
| 008 | 240331s9999 xx 000 0 und d | ||
| 082 |
_bSAN _a894 |
||
| 100 | _aSanmugalingan, N | ||
| 245 | 0 | _aSanthana medai | |
| 260 |
_aJaffna _bNagalingam Noolalayam _c1992 |
||
| 300 | _a54 p ., | ||
| 500 | _aPoems in Tamil | ||
| 942 | _cL | ||
| 999 |
_c3804 _d3804 |
||